Semana Santa en Cádiz - Estadísticas

Estadísticas generales
  • Esta prueba ha sido intentada 47 veces
  • La puntuación promedio es 49 de 60
Estadísticas de respuestas
Hermandad Respuesta % Correcto
Caído Nuestro Padre Jesús Caído
96%
María Santísima de la Caridad
92%
María Santísima de la Esperanza
92%
María Santísima de la Piedad
92%
María Santísima de los Dolores
92%
Nuestra Madre y Señora María Santísima del Amparo
92%
Nuestra Señora de Gracia y Esperanza
92%
Nuestra Señora de la Esperanza
92%
Nuestra Señora de la Soledad
92%
Nuestra Señora de la Soledad
92%
Despojado Nuestro Padre Jesús del Amor Despojado de sus Vestiduras
92%
Borriquita Nuestro Padre Jesús de la Paz en su Real y Triunfal Entrada en Jerusalén
92%
Sentencia Nuestro Padre Jesús de la Sentencia
92%
Penas Nuestro padre Jesús de las Penas
92%
Ecce-Homo Nuestro Padre Jesús del Ecce-Homo
92%
Nazareno del Amor Nuestro Padre Jesús Nazareno del Amor
92%
Buena Muerte Santísimo Cristo de la Buena Muerte
92%
Expiración Santísimo Cristo de la Expiración
92%
Piedad Santísimo Cristo de la Piedad
92%
Descendimiento Santísimo Cristo del Descendimiento de la Santa Cruz
92%
Perdón Santísimo Cristo del Perdón
92%
María Santísima de las Angustias
88%
María Santísima de las Lágrimas
88%
María Santísima de las Lágrimas
88%
María Santísima del Mayor Dolor
88%
Caminito Nuestra Señora de las Angustias
88%
Nuestra Señora de los Dolores
88%
Sanidad Nuestro Padre Jesús del Mayor Dolor
88%
Sagrada Cena Nuestro Padre Jesús del Milagro en la Sagrada Cena
88%
Prendimiento Nuestro Padre Jesús en su Prendimiento
88%
Nazareno Nuestro Padre Jesús Nazareno
88%
Obediencia Nuestro Padre Jesús Nazareno de la Obediencia
88%
Humildad y Paciencia Santísimo Cristo de la Humildad y Paciencia
88%
Aguas y Luz Santísimo Cristo de las Aguas
88%
Vera-Cruz Santísimo Cristo de la Vera-Cruz
88%
Soledad Santo Entierro de Nuestro Señor Jesucristo
88%
María Santísima de la Victoria
83%
María Santísima de los Desamparados
83%
Nuestra Señora de la Amargura
83%
Nuestra Señora de la Luz
83%
Oración Nuestro Padre Jesús de la Oración en el Huerto
83%
Afligidos Nuestro Padre Jesús de los Afligidos
83%
La Palma Santísimo Cristo de la Misericordia
83%
Ecce-Mater-Tua Ecce-Mater-Tua
79%
María Santísima de la Salud
79%
María Santísima del Patrocinio
79%
Nuestra Señora del Buen Fin
79%
Cigarreras Nuestro Padre Jesús de la Salud
79%
María Santísima de la Trinidad
75%
María Santísima Reina de Todos los Santos
75%
María Santísima de la Concepción
67%
Siete Palabras Siete Palabras del Santísimo Cristo de la Sed
67%
María Santísima de las Penas Coronada
63%
Santísima Resurreción de Nuestro Señor Jesucristo
63%
María Santísima de los Desconsuelos
58%
Medinaceli Nuestro Padre Jesús Cautivo y Rescatado
54%
San Juan Evangelista
54%
Columna Nuestro Padre Jesús Atado a la Columna y Azotes
50%
Servitas María Santísima de los Dolores Coronada
46%
María Santísima del Rosario en sus Misterios Dolorosos
46%
No se encontraron pruebas coincidentes
Distribución de puntuación
Porcentaje de gente con cada puntuación
Porcentaje por número respondido
Historial de tus puntuaciones
No has intentado esta prueba.